[Event "Sindilegis op-B"]
[Site "Sindilegis"]
[Date "2009.10.24"]
[Round "?"]
[White "Reis, Alan de Albuquerque"]
[Black "De Leon, Angelo"]
[Result "0-1"]
[WhiteElo "2011"]
[BlackElo "2159"]
[PlyCount "75"]
[EventDate "2009.10.23"]
[EventType "swiss"]
[EventRounds "6"]
[EventCountry "BRA"]
[SourceTitle "EXT 2012"]
[Source "ChessBase"]
[SourceDate "2011.11.24"]
[SourceVersion "1"]
[SourceVersionDate "2011.11.24"]
[SourceQuality "1"]

1. d4 d5 2. c4 e6 3. Nc3 c6 4. Nf3 dxc4 5. a4 Bb4 6. e4 b5 7. Bd2 a5 8. axb5 Bxc3 9. Bxc3 cxb5 10. b3 Bb7 11. d5 Nf6 12. Bxf6 Qxf6 13. bxc4 b4 14. Qa4+ Nd7 15. Rd1 Qc3+ 16. Nd2 exd5 17. exd5 0-0-0 18. Be2 Rhe8 19. Kf1 Rxe2 20. Kxe2 Re8+ 21. Kf1 Qd3+ 22. Kg1 Qxd2 23. g3 Re1+ 24. Kg2 Rxd1 25. Rxd1 Qe2 26. Qa1 Ne5 27. Qd4 Qf3+ 28. Kg1 Qf6 29. Qc5+ Kb8 30. f4 Nd7 31. Qb5 Qb6+ 32. Qxb6 Nxb6 33. d6 Kc8 34. c5 Nd5 35. Kf2 Kd7 36. Ke1 Nc3 37. Rd4 b3 38. Rb4 0-1